Datum a čas kvízu

26.5 Celkem bodů Celkový počet nahraných bodů na tomto kvízu bez doplňovacích otázek.
10. Pořadí na kvízu Konečné umístění týmu na tomto kvízu.

Zaznamenané odpovědi

# Otázka Odpověď Body Výsledky
1. Kuriózního návštěvníka viděli... srna 1
2. Starostka jisté evropské metro... Paříž, Seina 0
3. Jak se nazývá snímek, který zí... Oppenheimer 1
4. Roční míra inflace v jisté zem... Argentina 0
5. V pondělí zdolala 49letá Eva P... C) stomatologii 1
6. Čeština má celkem 3 gramatické... 14 1
7. U některých slov bychom si moh... C 0
8. Dva gramatické rody můžeme při... sršeň 1
9. V minulé otázce jsme se ptali... zombie 0
10. Začátkem roku 2023 byla Ústave... hranolka, hranolek 1